| 000 | 01624nam0a2200409 4500 | ||
|---|---|---|---|
| 001 | RU\NLR\bibl\1787962 | ||
| 005 | 20250616141621.0 | ||
| 010 |
_a978-5-486-03949-2 _93500 |
||
| 021 |
_aRU _b2011-45228 _93207 |
||
| 035 | _a(nilc)RSL-KNO-004959470 | ||
| 035 | _a(NLR Aleph) 001778679 | ||
| 090 |
_a1683600 _c1683600 |
||
| 100 | _a20110621d2011 |||y0rusy50 ca | ||
| 101 | 1 |
_arus _cfre |
|
| 102 | _aRU | ||
| 105 | _ay ||||||||| | ||
| 135 | _acrmn mmmancda | ||
| 200 | 1 |
_aТаинственные превращения _e[перевод с французского] _fМорис Ренар |
|
| 210 |
_aМосква _cМир книги _cЛитература _d2011 |
||
| 215 |
_a254, [1] с. _d21 |
||
| 225 | 1 | _aЗолотой век детектива | |
| 325 | _aКопия доступна в Электрон. б-ке РНБ | ||
| 327 | 1 | _aСодерж.: Таинственные превращения: роман; Тайна его глаз: повесть; Свидание: рассказ | |
| 686 |
_aШ5(4Фр)61-644.6 _2rubbk |
||
| 686 | _aШ6(4Фр)67-446{Лх1648-60} | ||
| 700 | 1 |
_4070 _7ca _8rus _aРенар _bМ. _f1875-1939 _gМорис _9263778 _3RU\NLR\AUTH\770263834 |
|
| 801 | 0 |
_aRU _bRuMoRKP _c20110621 _grcr |
|
| 801 | 1 |
_aRU _bРГБ _c20110621 |
|
| 801 | 2 |
_aRU _bNLR _c20110712 _grcr |
|
| 942 | _cBOOK | ||
| 980 | _aNB | ||
| 980 | _aNBR | ||
| 981 | 3 | 3 |
_a(33) Художественная литература _b(33) Зарубежная литература |